Cradle to cradle : (Record no. 8147)

MARC details
000 -LEADER
fixed length control field 00573nam a22001817a 4500
008 - FIXED-LENGTH DATA ELEMENTS--GENERAL INFORMATION
fixed length control field 190712b ||||| |||| 00| 0 eng d
020 ## - INTERNATIONAL STANDARD BOOK NUMBER
International Standard Book Number 9780865475878
082 ## - DEWEY DECIMAL CLASSIFICATION NUMBER
Classification number 745 MCD
100 ## - MAIN ENTRY--PERSONAL NAME
Personal name McDonough, William.
245 ## - TITLE STATEMENT
Title Cradle to cradle :
Remainder of title remaking the way we make things
250 ## - EDITION STATEMENT
Edition statement 1st ed.
260 ## - PUBLICATION, DISTRIBUTION, ETC.
Place of publication, distribution, etc. New York :
Name of publisher, distributor, etc. North Point Press,
Date of publication, distribution, etc. 2002.
300 ## - PHYSICAL DESCRIPTION
Extent 193 p. ;
Dimensions 21 cm.
500 ## - GENERAL NOTE
General note Includes bibliographical references.
650 ## - SUBJECT ADDED ENTRY--TOPICAL TERM
Topical term or geographic name entry element Recycling (Waste, etc.) Industrial management--Environmental aspects.
700 ## - ADDED ENTRY--PERSONAL NAME
Personal name Michael Braungart.
942 ## - Added entry Elements (Koha)
Source of classification or shelving scheme Dewey Decimal Classification
Holdings
Withdrawn status Lost status Source of classification or shelving scheme Damaged status Not for loan Collection code Home library Current library Shelving location Date acquired Serial Enumeration / chronology Total Checkouts Full call number Barcode Date last seen Price effective from Koha item type
    Dewey Decimal Classification     Main TEST RTC Library RTC Library Main opac 12/07/2019 14043   745 MCD 30013778 12/07/2019 12/07/2019 Main
Royal Thimphu College || All Right Reserved